<?xml version="1.0" encoding="UTF-8"?>
<record
    xmlns:xsi="http://www.w3.org/2001/XMLSchema-instance"
    xsi:schemaLocation="http://www.loc.gov/MARC21/slim http://www.loc.gov/standards/marcxml/schema/MARC21slim.xsd"
    xmlns="http://www.loc.gov/MARC21/slim">

  <leader>03524nam a22003017a 4500</leader>
  <controlfield tag="003">DO-SdBNP</controlfield>
  <controlfield tag="005">20230815131907.0</controlfield>
  <controlfield tag="008">220318b2012   ||| |||| 00| 0 spa d</controlfield>
  <datafield tag="020" ind1=" " ind2=" ">
    <subfield code="a">9789945074611</subfield>
  </datafield>
  <datafield tag="040" ind1=" " ind2=" ">
    <subfield code="a">BPMSU</subfield>
    <subfield code="b">spa</subfield>
    <subfield code="c">BPMSU</subfield>
  </datafield>
  <datafield tag="082" ind1=" " ind2="4">
    <subfield code="a">327.97293</subfield>
    <subfield code="b">M798t 2012  </subfield>
    <subfield code="2">22</subfield>
  </datafield>
  <datafield tag="100" ind1="1" ind2=" ">
    <subfield code="a">Montol&#xED;o, Julio Andr&#xE9;s</subfield>
    <subfield code="d">1867-1934</subfield>
  </datafield>
  <datafield tag="245" ind1="1" ind2="3">
    <subfield code="a">El Tratado de Ryswick y otros temas / </subfield>
    <subfield code="c">Andr&#xE9;s Julio Montol&#xED;o; editor: Andr&#xE9;s Blanco Diaz </subfield>
  </datafield>
  <datafield tag="260" ind1=" " ind2=" ">
    <subfield code="a">Santo Domindo:</subfield>
    <subfield code="b">Archivo General de la Naci&#xF3;n,</subfield>
    <subfield code="c">2012</subfield>
  </datafield>
  <datafield tag="300" ind1=" " ind2=" ">
    <subfield code="a">499 p ;</subfield>
    <subfield code="c">23cm</subfield>
  </datafield>
  <datafield tag="490" ind1="0" ind2=" ">
    <subfield code="a">Archivo General de la Naci&#xF3;n,</subfield>
    <subfield code="v">171</subfield>
  </datafield>
  <datafield tag="500" ind1=" " ind2=" ">
    <subfield code="a">Incluye datos biogr&#xE1;ficos del autor  en las solapas</subfield>
  </datafield>
  <datafield tag="505" ind1="0" ind2=" ">
    <subfield code="a">Presentaci&#xF3;n, 13.-- Con motivo de La alimentaci&#xF3;n y las razas, 19.-- La contra de la tarifa aduanera, 25.-- Varios temas, 33.-- Sobre ley de imprenta, 53.-- Cartas p&#xFA;blicas, 61.-- Organizaci&#xF3;n de partidos, 69.-- Resumen de una cuesti&#xF3;n (Diferendo dom&#xED;nico-haitiano), 93.-- El tratado de Ryswick y la isla de Santo Domingo, 127.-- Frente a una acusaci&#xF3;n, 147.-- Emancipaciones y emancipadores, 197.-- Otros temas. La vida nueva, por Jos&#xE9; Enrique Rod&#xF3;, 217.-- Perfiles, 221.-- Derribemos, 229.-- Personal, 231.-- Disentimos, 235.-- Perfidia yanqui, 237.-- Algo sobre Hait&#xED;, 241.-- Prepar&#xE9;monos, 247.-- Sobre la memoria de relaciones exteriores, 249.-- Discurso, 255.-- La reforma arancelaria, 259.-- Galer&#xED;a de retratos, 261.-- Sobre instrucci&#xF3;n, 265.-- Peque&#xF1;eces, 267.-- Patri&#xF3;ticas, 271.-- De pol&#xED;tica, 277.-- Realidades, 279.-- Entre dos miedos, 281.-- Justicia, 285.-- Siluetas, 289.-- De la guerra, 293.-- De la guerra, 297.-- De la guerra, 301.-- Angel Lizardo, 303.-- De la guerra, 305.-- De la guerra, 309.-- De la guerra, 313.-- Lecturas bibliogr&#xE1;ficas, 317.-- Divagando, 321.-- Nuestro Himno, 325.-- Discurso, 327.-- Dos palabras, 333.-- La reconquista de Am&#xE9;rica, por Ram&#xF3;n Orbea, 337.-- Antiguos conocidos (Pedro C. Salcedo), 339.-- Antiguos conocidos (Alberto Duboy), 341.-- Antiguos conocidos (Manuel Pimentes Coronel), 343.-- Acci&#xF3;n pol&#xED;tica Andr&#xE9;s :"to be or not to be", 345.-- La cosa no es de hoy , 347.-- Obras del padre Meri&#xF1;o, 351.-- Mon&#xF3;logo, 361.-- 16 de Agosto, 365.-- &#xA1;Ha muerto!, 367.-- De pol&#xED;tica...cient&#xED;fica, 369.-- Notas bibliogr&#xE1;ficas, 375.-- Mi t&#xED;o Barbassou, 377.-- Discurso, 379.-- Carta abierta, 385.-- Post scriptum, 391.-- Contestaci&#xF3;n, 395.-- Obra interesante, 399.-- De jueves a jueves, 403.-- Un folleto interesante, 407.-- Las cenizas del descubridor, 411.-- Descentralizaci&#xF3;n y personalismo, por Marino A. Cestero, 413.-- La nueva constituci&#xF3;n, 417.-- Bibliograf&#xED;a, 419.-- Nota bibliogr&#xE1;fica, 421.-- Cuestiones trascendentales, 423.-- Del derecho p&#xFA;blico, 429.-- Fisonom&#xED;a de una inteligencia, 431.-- En el margen de una carta, 437.-- D&#xED;a de la patria, 443.-- Fragmentos de una conferencia, 445.-- Doctor Adolfo A. Nouel, 451.-- El 1&#xBA; de diciembre, 455.-- La soberan&#xED;a y el tratado, 457.-- Discurso, 461.-- Discurso, 469.-- &#xCD;ndice onom&#xE1;stico, 479.</subfield>
  </datafield>
  <datafield tag="590" ind1=" " ind2=" ">
    <subfield code="6">Inventariado, 2023/VM</subfield>
  </datafield>
  <datafield tag="651" ind1=" " ind2="4">
    <subfield code="a">Rep&#xFA;blica Dominicana </subfield>
    <subfield code="v">Tratados Internacionales </subfield>
  </datafield>
  <datafield tag="651" ind1=" " ind2="4">
    <subfield code="a">Rep&#xFA;blica Dominicana    	 	 	 	 	</subfield>
    <subfield code="x">Pol&#xED;tica y gobierno</subfield>
  </datafield>
  <datafield tag="651" ind1=" " ind2="4">
    <subfield code="a">Rep&#xFA;blica Domicana </subfield>
    <subfield code="x">Limites    	 	 	 	 	</subfield>
    <subfield code="z">Hait&#xED;.</subfield>
  </datafield>
  <datafield tag="651" ind1=" " ind2="4">
    <subfield code="a">Rep&#xFA;blica Dominicana    	 	 	 	 </subfield>
    <subfield code="x">Tratados    	 	 	 	 	</subfield>
    <subfield code="z">Relaciones internacionales.</subfield>
  </datafield>
  <datafield tag="700" ind1="1" ind2=" ">
    <subfield code="a">Andr&#xE9;s Blanco D&#xED;az</subfield>
    <subfield code="e">ed.</subfield>
  </datafield>
  <datafield tag="710" ind1="2" ind2=" ">
    <subfield code="a">Archivo General de la Naci&#xF3;n (Rep&#xFA;blica Dominicana)</subfield>
  </datafield>
  <datafield tag="910" ind1=" " ind2=" ">
    <subfield code="a">VMateo V. Control de calidad. BPMSU</subfield>
  </datafield>
  <datafield tag="942" ind1=" " ind2=" ">
    <subfield code="2">ddc</subfield>
    <subfield code="c">BK</subfield>
  </datafield>
  <datafield tag="952" ind1=" " ind2=" ">
    <subfield code="0">0</subfield>
    <subfield code="1">0</subfield>
    <subfield code="2">ddc</subfield>
    <subfield code="4">0</subfield>
    <subfield code="7">0</subfield>
    <subfield code="a">BPMET</subfield>
    <subfield code="b">BPMET</subfield>
    <subfield code="d">2022-03-18</subfield>
    <subfield code="l">0</subfield>
    <subfield code="o">BPMSU CD 327.97293 M798t 2012</subfield>
    <subfield code="p">BPMSU23080023</subfield>
    <subfield code="r">2022-03-18</subfield>
    <subfield code="w">2022-03-18</subfield>
    <subfield code="y">BK</subfield>
  </datafield>
  <datafield tag="999" ind1=" " ind2=" ">
    <subfield code="c">14093</subfield>
    <subfield code="d">14093</subfield>
  </datafield>
</record>
